Cartografie radicali : attivismo, esplorazioni artistiche, geofiction /

Salvato in:
Dettagli Bibliografici
Autore principale: Pignatti, Lorenza (Autore)
Natura: Libro
Lingua:italiano
Pubblicazione: Milano : Meltemi, 2023
Serie:Biblioteca. Estetica e culture visuali ; 53
Soggetti:
Tags: Aggiungi Tag
Nessun Tag, puoi essere il primo ad aggiungerne!!

MARC

LEADER 00000nam a2200000 i 4500
001 IT\ICCU\CFI\1110099
003 ItRI
005 20260115232110.0
008 230811s2023 it |||||| ||||| |||||c
015 |2 IT  |a 2023-9639 
020 |a 9788855197830 
040 |b ita  |c importazione bologna sebina 
041 7 |a ita  |2 ISO-639-2 
082 |a 912.01  |9 RAPPRESENTAZIONI GRAFICHE DELLA SUPERFICIE TERRESTRE E DEI MONDI EXTRATERRESTRI. Filosofia e teoria  |2 23 
100 1 |a Pignatti, Lorenza  |0 IT\ICCU\RAVV\362762  |4 aut 
240 1 0 |a Cartografie radicali  |3 IT\ICCU\CFI\1110100  |9 Pignatti, Lorenza 
245 1 0 |a Cartografie radicali :  |b attivismo, esplorazioni artistiche, geofiction /  |c Lorenza Pignatti. 
260 |a Milano :  |b Meltemi,  |c 2023 
300 |a 214 p. :  |b ill. ;  |c 21 cm 
650 7 |a Cartografia 
830 0 |a Biblioteca. Estetica e culture visuali ;  |v 53  |0 IT\ICCU\LO1\1684117 
942 |2 ddc  |c BK  |n 0 
952 |0 0  |1 0  |4 0  |6 DOC_912_010000000000000_PIG  |7 0  |9 20043  |a BO  |b BO  |d 2026-01-15  |i 20337  |l 0  |o DOC 912.01 PIG  |p BO20337  |r 2026-01-15 23:21:10  |w 2026-01-15  |x [Sebina 5] [1 v.]  |y BK  |z 1 v. 
999 |c 17088  |d 17088